[Event "21st Abu Dhabi Masters 2014"]
[Site "Abu Dhabi UAE"]
[Date "2014.08.23"]
[Round "4.27"]
[White "Dimakiling, Oliver"]
[Black "Siva, Mahadevan"]
[Result "1-0"]
[WhiteTitle "IM"]
[WhiteElo "2371"]
[BlackElo "2173"]
[WhiteFideId "5202248"]
[BlackFideId "25043153"]
[EventDate "2014.08.20"]

1. c4 e5 2. g3 Nf6 3. Bg2 d5 4. cxd5 Nxd5 5. a3 Nc6 6. d3 Be7 7. Nf3 O-O 8. O-O
Be6 9. Nc3 Nb6 10. Be3 f5 11. b4 Bf6 12. Rc1 a5 13. Bc5 Re8 14. e4 axb4 15. axb4
Nd7 16. exf5 Bxf5 17. Ne4 Bxe4 18. Qb3+ Kh8 19. dxe4 Nxc5 20. bxc5 Ra7 21. Rfd1
Qe7 22. Bf1 Rea8 23. Kg2 Qf8 24. Rd7 Be7 25. Qe6 Ra3 26. Nxe5 Nxe5 27. Rxe7 Ra2
28. Qxe5 Qxf2+ 29. Kh3 Qxh2+ 30. Kg4 Rg8 31. Bc4 Rf2 32. Bxg8 Rf6 33. Bc4 1-0

[Event "21st Abu Dhabi Masters 2014"]
[Site "Abu Dhabi UAE"]
[Date "2014.08.23"]
[Round "4.30"]
[White "Asgarizadeh, Ahmad"]
[Black "Ayyad, Maher"]
[Result "1-0"]
[BlackTitle "FM"]
[WhiteElo "2335"]
[BlackElo "2147"]
[WhiteFideId "12505684"]
[BlackFideId "11200235"]
[EventDate "2014.08.20"]

1. e4 c5 2. Nf3 e6 3. Nc3 Nc6 4. Bb5 Nge7 5. d4 cxd4 6. Nxd4 a6 7. Be2 Nxd4 8.
Qxd4 Nc6 9. Qe3 Qc7 10. O-O Be7 11. Kh1 O-O 12. f4 d6 13. Bd3 Nb4 14. Bd2 Bd7
15. Ne2 Nxd3 16. cxd3 f5 17. Rac1 Qd8 18. Bc3 Bf6 19. Bb4 Be7 20. Nd4 fxe4 21.
Qxe4 d5 22. Qe1 Rc8 23. Rxc8 Bxc8 24. Bc3 Qb6 25. f5 Bc5 26. Nb3 Bd6 27. f6 Qc7
28. fxg7 Rxf1+ 29. Qxf1 Qf7 30. Qf6 Qxf6 31. Bxf6 e5 32. Kg1 Be6 33. d4 e4 34.
h3 Bf4 35. Kf2 Bd7 36. Nc5 Bb5 37. a4 e3+ 38. Kf3 e2 39. Bh4 Bg5 40. axb5 Bxh4
41. Kxe2 axb5 42. Ne6 1-0

[Event "21st Abu Dhabi Masters 2014"]
[Site "Abu Dhabi UAE"]
[Date "2014.08.23"]
[Round "4.31"]
[White "Sameir, Ramez"]
[Black "Mahdavirad, Mehdi"]
[Result "1-0"]
[WhiteElo "2113"]
[BlackElo "2276"]
[WhiteFideId "10606017"]
[BlackFideId "12502669"]
[EventDate "2014.08.20"]

1. e4 c5 2. Nc3 a6 3. g3 b5 4. Bg2 Bb7 5. d3 e6 6. Qe2 Nc6 7. f4 d6 8. Nf3 Be7
9. O-O Nf6 10. e5 dxe5 11. fxe5 Nd7 12. h4 h6 13. h5 Qc7 14. Bf4 Nb4 15. Kh2 Nd5
16. Nxd5 Bxd5 17. c4 Bc6 18. b3 O-O 19. Qe3 Rad8 20. Rae1 Kh7 21. g4 f6 22. exf6
Bd6 23. Bxd6 Qxd6+ 24. Kh1 Bxf3 25. Bxf3 Rxf6 26. Be4+ Kh8 27. g5 hxg5 28. Qxg5
Rdf8 29. Rxf6 Rxf6 30. Rg1 Qf8 31. cxb5 axb5 32. a4 b4 33. a5 e5 34. Qg4 Rd6 35.
a6 Nf6 36. Qf5 Rxa6 37. h6 g5 38. Rxg5 Qxh6+ 39. Kg2 Ra2+ 40. Kf1 Ra1+ 41. Ke2
Qh2+ 42. Bg2 Ra2+ 43. Kf3 Qf4+ 44. Qxf4 exf4 45. Kxf4 Rb2 46. Ke5 1-0

[Event "21st Abu Dhabi Masters 2014"]
[Site "Abu Dhabi UAE"]
[Date "2014.08.23"]
[Round "4.32"]
[White "Hejazipour, Mitra"]
[Black "Fouad, Mofleh"]
[Result "1-0"]
[WhiteTitle "WIM"]
[BlackTitle "FM"]
[WhiteElo "2269"]
[BlackElo "2128"]
[WhiteFideId "12505951"]
[BlackFideId "9400532"]
[EventDate "2014.08.20"]

1. d4 Nf6 2. c4 e6 3. g3 Bb4+ 4. Bd2 Qe7 5. Bg2 c5 6. Bxb4 cxb4 7. Nf3 O-O 8.
O-O d5 9. Nbd2 b6 10. Ne5 Bb7 11. Qc2 Rc8 12. Qd3 Nbd7 13. Nxd7 Qxd7 14. b3 dxc4
15. bxc4 Bxg2 16. Kxg2 b5 17. c5 Rd8 18. Nf3 g5 19. Rfd1 Qd5 20. Kg1 Ne4 21. Qe3
g4 22. Ne5 f6 23. Nxg4 Kh8 24. f3 Nc3 25. Rd2 Qf5 26. Qf2 Qg5 27. e4 h5 28. Ne3
Rd7 29. Ng2 Rad8 30. Nf4 Qg8 31. c6 Rh7 32. d5 exd5 33. exd5 1-0

[Event "21st Abu Dhabi Masters 2014"]
[Site "Abu Dhabi UAE"]
[Date "2014.08.23"]
[Round "4.34"]
[White "Kaboodi, Behrang"]
[Black "Hakimifard, Ghazal"]
[Result "1-0"]
[BlackTitle "WIM"]
[WhiteElo "2060"]
[BlackElo "2232"]
[WhiteFideId "12504955"]
[BlackFideId "12506540"]
[EventDate "2014.08.20"]

1. d4 Nf6 2. Bf4 e6 3. e3 b6 4. Nf3 Bb7 5. Nbd2 c5 6. c3 Be7 7. Bd3 cxd4 8. exd4
O-O 9. h3 d6 10. O-O Nbd7 11. Nc4 Qc7 12. Re1 Rfe8 13. a4 a6 14. Bh2 Nf8 15. Qb3
Bxf3 16. gxf3 Rab8 17. Ne3 Qb7 18. d5 exd5 19. Nf5 Ng6 20. Nxe7+ Rxe7 21. Bxd6
Rxe1+ 22. Rxe1 Rd8 23. Bg3 Nh5 24. Qb4 Nxg3 25. fxg3 d4 26. Kf2 dxc3 27. Qxc3
Qd7 28. Bxa6 Qxh3 29. Bf1 Qd7 30. Bb5 Qd6 31. Re3 h5 32. Qd3 Kh7 33. Qxd6 Rxd6
34. Rd3 Rf6 35. Rd5 Kh6 36. b4 Ne7 37. Rd8 g6 38. a5 bxa5 39. bxa5 Rf5 40. Rb8
Nc8 41. Bd7 Rxa5 42. Rxc8 Ra7 43. Bb5 Re7 44. Bd3 1-0

[Event "21st Abu Dhabi Masters 2014"]
[Site "Abu Dhabi UAE"]
[Date "2014.08.23"]
[Round "4.35"]
[White "Khouri, Ibrahim Mohamed"]
[Black "Hojjatova, Aydan"]
[Result "0-1"]
[WhiteTitle "FM"]
[BlackTitle "WCM"]
[WhiteElo "2225"]
[BlackElo "2014"]
[WhiteFideId "9301526"]
[BlackFideId "13401491"]
[EventDate "2014.08.20"]

1. e4 d6 2. d4 Nf6 3. Nc3 g6 4. f4 Bg7 5. Nf3 O-O 6. Bd3 Nc6 7. d5 Nb4 8. Be2 e6
9. a3 Na6 10. Bxa6 bxa6 11. dxe6 Bxe6 12. O-O Qb8 13. Qd3 Qb7 14. h3 Rae8 15.
Bd2 Nd7 16. Rab1 Nc5 17. Qe2 Bf5 18. Qf2 Nxe4 19. Nxe4 Bxe4 20. Bc3 Bxf3 21.
Qxf3 Qb6+ 22. Kh1 Re3 23. Qf2 Bd4 24. Bxd4 Qxd4 25. f5 Re4 26. Qf3 Qe3 27. Qd1
Rd4 28. Qe1 Qxe1 29. Rbxe1 Rd2 30. c3 f6 31. g4 g5 32. Re7 Rf7 33. Re8+ Kg7 34.
Rfe1 Rxb2 35. Ra8 c5 36. Rd8 Rd2 37. Ree8 Rb7 38. Rg8+ Kh6 39. Rb8 Rb6 40. h4
Rxb8 41. hxg5+ fxg5 42. Rxb8 Rd3 43. Rd8 Kg7 44. Rd7+ Kf6 45. Rxh7 Rg3 46. Rh6+
Ke5 47. Re6+ Kd5 48. c4+ Kxc4 49. f6 Rf3 50. Rxd6 Kb3 51. Rd5 Rxf6 52. Rxc5 Kxa3
53. Rxg5 Kb4 54. Rg7 a5 55. Kg2 a6 56. g5 Rb6 57. Rf7 Rg6 58. Rf5 a4 0-1

[Event "21st Abu Dhabi Masters 2014"]
[Site "Abu Dhabi UAE"]
[Date "2014.08.23"]
[Round "4.36"]
[White "Mayed, Al-Rashedi"]
[Black "Calzetta Ruiz, Monica"]
[Result "0-1"]
[WhiteTitle "FM"]
[BlackTitle "WGM"]
[WhiteElo "1859"]
[BlackElo "2221"]
[WhiteFideId "9303871"]
[BlackFideId "2204185"]
[EventDate "2014.08.20"]

1. e4 c5 2. Nf3 Nc6 3. d4 cxd4 4. Nxd4 g6 5. Nc3 Bg7 6. Be3 Nf6 7. Bc4 O-O 8.
O-O d6 9. h3 Na5 10. Be2 a6 11. Qd2 b5 12. Rad1 Bb7 13. Qd3 b4 14. Na4 Bxe4 15.
Qd2 Qb8 16. a3 Nd5 17. axb4 Qxb4 18. Qxb4 Nxb4 19. Nb6 e5 20. Nxa8 exd4 21. Bxd4
Bxa8 22. Bxg7 Kxg7 23. c3 Nd5 24. Ra1 Nf4 25. Bxa6 Nb3 26. Ra4 Nxg2 27. Rg4 Nd2
28. Rd1 Nh4 29. Be2 Nhf3+ 30. Kg2 Ne5+ 31. f3 Ndxf3 0-1

[Event "21st Abu Dhabi Masters 2014"]
[Site "Abu Dhabi UAE"]
[Date "2014.08.23"]
[Round "4.37"]
[White "Kryvoruchko, Vita"]
[Black "Mohammed, Tarig Elther"]
[Result "1-0"]
[WhiteTitle "WGM"]
[WhiteElo "2185"]
[BlackElo "2052"]
[WhiteFideId "14108917"]
[BlackFideId "12200964"]
[EventDate "2014.08.20"]

1. e4 c5 2. Nc3 e6 3. g3 Nc6 4. Bg2 Nge7 5. f4 d6 6. Nf3 g6 7. O-O Bg7 8. d3 O-O
9. Be3 b5 10. d4 b4 11. Ne2 cxd4 12. Nexd4 Ba6 13. Rf2 Qc7 14. Rd2 Na5 15. b3 d5
16. e5 Rfb8 17. a3 bxa3 18. Rxa3 Bc8 19. Qa1 Nac6 20. c4 a6 21. Nb5 Qd8 22. Nd6
Bf8 23. Ng5 Nf5 24. Ngxf7 Qc7 25. Bf2 Nxd6 26. Nxd6 Bxd6 27. exd6 Qxd6 28. cxd5
Rb5 29. dxe6 Qxd2 30. Bxc6 Rab8 31. Ra2 Rxb3 32. Rxd2 Rb1+ 33. Kg2 1-0

[Event "21st Abu Dhabi Masters 2014"]
[Site "Abu Dhabi UAE"]
[Date "2014.08.23"]
[Round "4.38"]
[White "Faraj, Yahya"]
[Black "Iniyan, P"]
[Result "1/2-1/2"]
[WhiteTitle "FM"]
[WhiteElo "2247"]
[BlackElo "2048"]
[WhiteFideId "9400184"]
[BlackFideId "25002767"]
[EventDate "2014.08.20"]

1. Nf3 Nf6 2. c4 g6 3. Nc3 Bg7 4. e4 d6 5. d4 O-O 6. Be2 e5 7. dxe5 dxe5 8. Qxd8
Rxd8 9. Bg5 c6 10. Nxe5 Re8 11. O-O-O Na6 12. f4 h6 13. Bh4 g5 14. Bg3 Nc5 15.
Bf3 g4 16. Be2 Ncxe4 17. Nxe4 Nxe4 18. Bh4 h5 19. Bd3 Bh6 20. Kc2 Bxf4 21. Nxf7
g3 22. Rhe1 Bg4 23. Ra1 Kxf7 24. Rxe4 Rxe4 25. Bxe4 gxh2 26. Rf1 Re8 27. Kd3
Be2+ 28. Kxe2 Rxe4+ 29. Kf3 Rxc4 30. b3 Rc1 31. Be1 h1=Q 32. Rxh1 Bd2 33. Rxh5
Bxe1 34. Rh7+ Ke6 35. Rxb7 a5 36. Rb8 Kd7 37. g4 Rc2 38. g5 Rxa2 39. g6 Rf2+ 40.
Ke4 Rg2 41. g7 Rxg7 42. Rb7+ Kd6 43. Rxg7 Kc5 44. Kd3 Kb6 45. Kc4 Bb4 46. Rg8
Be1 1/2-1/2

[Event "21st Abu Dhabi Masters 2014"]
[Site "Abu Dhabi UAE"]
[Date "2014.08.24"]
[Round "5.1"]
[White "Rakhmanov, Aleksandr"]
[Black "Kryvoruchko, Yuriy"]
[Result "1/2-1/2"]
[WhiteTitle "GM"]
[BlackTitle "GM"]
[WhiteElo "2626"]
[BlackElo "2708"]
[WhiteFideId "4173708"]
[BlackFideId "14109182"]
[EventDate "2014.08.20"]

1. d4 Nf6 2. c4 e6 3. Nc3 Bb4 4. e3 O-O 5. Bd3 d5 6. Ne2 dxc4 7. Bxc4 Be7 8. O-O
c5 9. d5 exd5 10. Nxd5 Nc6 11. Ng3 Nxd5 12. Bxd5 Nb4 13. Bc4 Qxd1 14. Rxd1 Be6
15. Bxe6 fxe6 16. Ne4 Nd5 17. a4 Rfd8 18. Bd2 h6 19. Be1 Rd7 20. Kf1 Rad8 21.
Rdc1 b6 22. Ke2 Kf7 23. Nd2 Bf6 24. Nc4 a6 25. Rab1 b5 26. axb5 axb5 27. Na3 c4
28. Nxb5 Rb8 29. Nc3 Rdb7 30. Ne4 Rxb2+ 31. Rxb2 Rxb2+ 32. Kf3 c3 33. Bxc3 Bxc3
34. Nxc3 Nxc3 35. Rxc3 h5 36. Rc5 g6 37. h3 Kf6 38. h4 Ra2 39. Kg3 Re2 40. Rc4
Ra2 41. Rf4+ Ke7 42. Kf3 Rb2 43. Rc4 Kf6 44. Rc1 Rb4 45. Kg3 Rb2 46. f3 Re2 47.
Rc3 e5 48. e4 Rd2 49. Rc6+ Kf7 50. Rc1 Kf6 51. Rf1 Re2 52. Rf2 Re1 53. Ra2 Rh1
54. Ra6+ Kf7 55. Rd6 Rf1 56. Kh2 Ra1 57. Rd2 Rf1 58. Kg3 Kf6 59. Rf2 Rh1 60. f4
Re1 61. Kf3 Ra1 62. fxe5+ Kxe5 63. Re2 Rf1+ 64. Kg3 Rf4 65. Ra2 Rxe4 1/2-1/2

[Event "21st Abu Dhabi Masters 2014"]
[Site "Abu Dhabi UAE"]
[Date "2014.08.24"]
[Round "5.2"]
[White "Petrosian, Tigran L."]
[Black "Volkov, Sergey"]
[Result "0-1"]
[WhiteTitle "GM"]
[BlackTitle "GM"]
[WhiteElo "2641"]
[BlackElo "2583"]
[WhiteFideId "13301616"]
[BlackFideId "4122763"]
[EventDate "2014.08.20"]

1. Nf3 d5 2. g3 c6 3. Bg2 Bf5 4. d3 Nf6 5. O-O e6 6. Nh4 Bg4 7. h3 Bh5 8. Qe1
Be7 9. e4 dxe4 10. dxe4 Nfd7 11. Bf3 Bxh4 12. Bxh5 Bf6 13. Nd2 Qa5 14. Be2 Nb6
15. a4 Na6 16. c3 O-O 17. Nb3 Qe5 18. Bxa6 bxa6 19. Qe2 Qb8 20. Nc5 a5 21. Rd1
Rd8 22. Bf4 e5 23. Be3 Be7 24. Rxd8+ Qxd8 25. Nb7 Qd7 26. Nxa5 c5 27. Qg4 Qc7
28. Qe2 Qd7 29. Qb5 Qxh3 30. Nc6 Bf8 31. Bxc5 Bxc5 32. Qxc5 Nd7 33. Qe3 Re8 34.
Rd1 Nf6 35. Qf3 Qe6 36. Nb4 Qb3 37. a5 Nxe4 38. Rd7 Ng5 39. Qd1 Qe6 40. Rd8 h6
41. Rxe8+ Qxe8 42. Qd5 e4 43. Nc6 e3 44. Kf1 Kh7 45. f4 Ne4 46. Ne5 Nxg3+ 47.
Kg2 Nf5 48. Qd3 Qe6 49. Kf3 g5 50. Qd7 Qxd7 51. Nxd7 g4+ 52. Ke2 h5 53. b4 g3
54. Ne5 h4 55. Nf3 Kg6 56. Ng1 Nd6 57. Kxe3 Kf5 58. Kf3 Nc4 59. a6 Nd2+ 60. Kg2
Kg4 61. b5 Nc4 62. f5 f6 63. Nh3 Ne3+ 64. Kg1 Nc4 65. Kg2 Nb6 66. Ng1 Nc4 67.
Nh3 Kxf5 68. Kf3 Ke5 69. Kg4 Ke4 70. Kxh4 Kf3 71. Kh5 g2 72. Kh4 f5 73. Kg5 f4
74. Kh4 Ke3 75. Kg4 Ne5+ 76. Kf5 f3 77. Kxe5 g1=Q 78. Nxg1 f2 79. b6 fxg1=Q 80.
b7 Qg3+ 81. Kd5 Qc7 82. c4 Kf4 83. c5 Kf5 84. b8=N Qxb8 85. Kc6 Qc8+ 0-1

[Event "21st Abu Dhabi Masters 2014"]
[Site "Abu Dhabi UAE"]
[Date "2014.08.24"]
[Round "5.3"]
[White "Vidit, Santosh Gujrathi"]
[Black "Horvath, Adam1"]
[Result "1/2-1/2"]
[WhiteTitle "GM"]
[BlackTitle "GM"]
[WhiteElo "2602"]
[BlackElo "2536"]
[WhiteFideId "5029465"]
[BlackFideId "708003"]
[EventDate "2014.08.20"]

1. d4 Nf6 2. c4 e6 3. Nf3 Bb4+ 4. Nbd2 O-O 5. a3 Be7 6. e4 d6 7. Be2 Nbd7 8. b3
e5 9. Bb2 Re8 10. O-O Bf8 11. Qc2 g6 12. Rfe1 exd4 13. Nxd4 a5 14. Bf1 Bg7 15.
g3 c6 16. Bg2 Nc5 17. h3 Bd7 18. Rad1 Qb6 19. Bc3 Re7 20. b4 axb4 21. axb4 Na4
22. Ra1 c5 23. bxc5 Qxc5 24. Ne2 Qc8 25. Bd4 Ne8 26. Bxg7 Kxg7 27. Nf4 Nf6 28.
g4 h6 29. Re3 Ra6 30. Rae1 Qc5 31. Nd3 Qd4 32. Nb3 Qa7 33. c5 Nxc5 34. e5 Ne8
35. Ndxc5 dxc5 36. Qxc5 Kf8 37. Qc3 Be6 38. Nc5 Rc7 39. Nxe6+ Rxe6 40. Qb4+ Qc5
41. Qf4 Kg7 42. Qg3 Rce7 43. f4 Nd6 44. Kh2 Nc4 45. Re4 b5 46. Qh4 g5 47. fxg5
hxg5 48. Qxg5+ Rg6 49. Qf5 Rge6 50. Qg5+ Rg6 51. Qf5 Rge6 52. Qg5+ Rg6 1/2-1/2

[Event "21st Abu Dhabi Masters 2014"]
[Site "Abu Dhabi UAE"]
[Date "2014.08.24"]
[Round "5.4"]
[White "Kuzubov, Yuriy"]
[Black "Ankit, R. Rajpara"]
[Result "1-0"]
[WhiteTitle "GM"]
[BlackTitle "GM"]
[WhiteElo "2667"]
[BlackElo "2509"]
[WhiteFideId "14112906"]
[BlackFideId "5023335"]
[EventDate "2014.08.20"]

1. e4 c6 2. Nc3 d5 3. Nf3 Bg4 4. h3 Bxf3 5. Qxf3 Nf6 6. d3 e6 7. a3 Qa5 8. Bd2
Qb6 9. Nd1 Nbd7 10. g3 Bd6 11. Bg2 O-O 12. Qe3 Qc7 13. Qe2 a5 14. Ne3 a4 15. O-O
Rfe8 16. Rad1 b5 17. f4 dxe4 18. dxe4 e5 19. Nf5 Bf8 20. g4 exf4 21. Bxf4 Ne5
22. Qf2 Nfd7 23. Qg3 Bc5+ 24. Kh1 Nf8 25. Qc3 Ba7 26. Nd6 Nfg6 27. Nxe8 Rxe8 28.
Bg3 Qe7 29. Rf5 Bb8 30. g5 Nc4 31. Bxb8 Rxb8 32. b3 Nce5 33. bxa4 bxa4 34. Qd4
Re8 35. Qd6 Qxd6 36. Rxd6 Kf8 37. Rd4 Ra8 38. h4 c5 39. Rd5 Nc4 40. Rxc5 Nxa3
41. Rf1 1-0

[Event "21st Abu Dhabi Masters 2014"]
[Site "Abu Dhabi UAE"]
[Date "2014.08.24"]
[Round "5.5"]
[White "Gopal, G.N."]
[Black "Istratescu, Andrei"]
[Result "1-0"]
[WhiteTitle "GM"]
[BlackTitle "GM"]
[WhiteElo "2558"]
[BlackElo "2656"]
[WhiteFideId "5015693"]
[BlackFideId "1200372"]
[EventDate "2014.08.20"]

1. e4 c5 2. Nf3 d6 3. d4 cxd4 4. Nxd4 Nf6 5. Nc3 a6 6. h3 Nc6 7. g4 Qb6 8. Nb3
e6 9. Bg2 Be7 10. Be3 Qc7 11. f4 Nd7 12. O-O O-O 13. a4 b6 14. g5 Re8 15. h4 Rb8
16. Qe2 Bf8 17. Rad1 Nc5 18. h5 Nb4 19. Nd4 e5 20. fxe5 dxe5 21. Nf5 Ne6 22. Nd5
Nxd5 23. exd5 Nd4 24. Nxd4 exd4 25. Rxd4 Bc5 26. Qf2 Bxd4 27. Bxd4 Bg4 28. d6
Qd7 29. Bc3 Rbc8 30. Qd4 Rxc3 31. bxc3 Bxh5 32. Qxb6 Rd8 33. Qxa6 h6 34. gxh6
gxh6 35. a5 Qe6 36. Qa7 Rxd6 37. Qf2 Qe5 38. Qf4 Qc5+ 39. Kh2 Bg6 40. c4 Rd4 41.
Qf6 Kh7 42. Re1 Qxa5 43. Qxd4 Qxe1 44. c3 h5 45. c5 h4 46. Qf4 Qxc3 47. c6 Kg7
48. c7 Qc2 49. Qd4+ Kh7 50. Qxh4+ Kg7 51. Qd4+ Kh7 52. Qd7 Bf5 53. Qxf7+ Kh6 54.
Qf6+ Kh5 55. Qe5 Kg6 56. Kg3 Qd3+ 57. Bf3 Qb1 58. Kh4 Qb4+ 59. Be4 Bxe4 60. Qg5+
Kh7 61. Qg4 1-0

[Event "21st Abu Dhabi Masters 2014"]
[Site "Abu Dhabi UAE"]
[Date "2014.08.24"]
[Round "5.6"]
[White "Meszaros, Tamas"]
[Black "Efimenko, Zahar"]
[Result "0-1"]
[WhiteTitle "IM"]
[BlackTitle "GM"]
[WhiteElo "2422"]
[BlackElo "2641"]
[WhiteFideId "717410"]
[BlackFideId "14107201"]
[EventDate "2014.08.20"]

1. e4 c5 2. Nf3 e6 3. d4 cxd4 4. Nxd4 Nc6 5. Nc3 d6 6. Be3 Nf6 7. f4 Bd7 8. Qf3
Nxd4 9. Bxd4 Qa5 10. e5 Nd5 11. exd6 Bxd6 12. O-O-O Bc6 13. Bb5 Bxb5 14. Bxg7
Rg8 15. Rxd5 Bc6 16. Rxa5 Bxf3 17. Be5 Bxe5 18. Rxe5 Rxg2 19. Rf1 O-O-O 20. b3
Bg4 21. Rg5 h5 22. h4 Rh2 23. Rc5+ Kb8 24. Ne4 Rxh4 25. Ng5 f6 26. Ne4 Rh2 27.
Nxf6 Bf5 28. Rg1 b6 29. Rc4 Rc8 30. Rxc8+ Kxc8 31. Rg8+ Kb7 32. Rg7+ Kc6 33. c4
Kc5 34. Rxa7 h4 35. Nd7+ Kd4 36. Nxb6 h3 37. Rd7+ Kc5 38. Na4+ Kc6 39. Rd8 Rxa2 0-1

[Event "21st Abu Dhabi Masters 2014"]
[Site "Abu Dhabi UAE"]
[Date "2014.08.24"]
[Round "5.7"]
[White "Grover, Sahaj"]
[Black "Gupta, Abhijeet"]
[Result "1/2-1/2"]
[WhiteTitle "GM"]
[BlackTitle "GM"]
[WhiteElo "2492"]
[BlackElo "2638"]
[WhiteFideId "5021103"]
[BlackFideId "5010608"]
[EventDate "2014.08.20"]

1. e4 c6 2. d4 d5 3. exd5 cxd5 4. c4 Nf6 5. Nc3 Nc6 6. Nf3 Bg4 7. cxd5 Nxd5 8.
Qb3 Bxf3 9. gxf3 e6 10. Qxb7 Nxd4 11. Bb5+ Nxb5 12. Qc6+ Ke7 13. Qxb5 Qd7 14.
Nxd5+ Qxd5 15. Qxd5 exd5 16. O-O Ke6 17. Re1+ Kf5 18. Rd1 Ke6 19. Re1+ Kf5 20.
Rd1 Ke6 21. Re1+ 1/2-1/2

[Event "21st Abu Dhabi Masters 2014"]
[Site "Abu Dhabi UAE"]
[Date "2014.08.24"]
[Round "5.8"]
[White "Iordachescu, Viorel"]
[Black "Neverov, Valeriy"]
[Result "1/2-1/2"]
[WhiteTitle "GM"]
[BlackTitle "GM"]
[WhiteElo "2589"]
[BlackElo "2498"]
[WhiteFideId "13900200"]
[BlackFideId "14100150"]
[EventDate "2014.08.20"]

1. e4 e5 2. Nf3 Nc6 3. Bb5 a6 4. Ba4 Nf6 5. O-O Be7 6. Re1 b5 7. Bb3 d6 8. c3
O-O 9. h3 Nb8 10. d4 Nbd7 11. Nbd2 Bb7 12. Bc2 Re8 13. a4 Bf8 14. Bd3 c6 15. b3
Qc7 16. Bb2 Rad8 17. Qc2 Qb8 18. Rab1 g6 19. Ba1 Bg7 20. c4 b4 21. Rbd1 c5 22.
d5 Bc8 23. g3 Nh5 24. Nh4 Ndf6 25. Kh2 Bd7 26. Ndf3 Qc8 27. Ng1 Bh6 28. Bb2 Re7
29. Bc1 Bxc1 30. Qxc1 Rde8 31. Qg5 Kg7 32. Qd2 h6 33. Ng2 g5 34. Rf1 Kh7 35.
Rde1 Rg8 36. Ne3 Qf8 37. f3 Qg7 38. Rf2 Kh8 39. Rg2 Nh7 40. Ne2 N5f6 41. Ng1 h5
42. Kh1 Qh6 43. Qf2 Ree8 44. Re2 Rg7 45. Qe1 a5 46. Rh2 Reg8 47. Reg2 Rg6 48. g4
h4 49. Nf5 Bxf5 50. exf5 R6g7 51. Be4 1/2-1/2

[Event "21st Abu Dhabi Masters 2014"]
[Site "Abu Dhabi UAE"]
[Date "2014.08.24"]
[Round "5.9"]
[White "Parligras, Mircea-Emilian"]
[Black "Bajarani, Ulvi"]
[Result "1/2-1/2"]
[WhiteTitle "GM"]
[BlackTitle "GM"]
[WhiteElo "2574"]
[BlackElo "2483"]
[WhiteFideId "1204297"]
[BlackFideId "13403028"]
[EventDate "2014.08.20"]

1. d4 d5 2. c4 c6 3. Nf3 Nf6 4. Nc3 dxc4 5. a4 Bf5 6. e3 e6 7. Bxc4 Bb4 8. O-O
O-O 9. Qe2 Bg6 10. Ne5 Nbd7 11. Nxg6 hxg6 12. Rd1 Qa5 13. Na2 Be7 14. Bd2 Qc7
15. b4 e5 16. dxe5 Nxe5 17. Bb3 g5 18. h3 Rae8 19. Rac1 g4 20. hxg4 Nexg4 21. g3
Bd6 22. Rc4 Nh6 23. Nc3 a6 24. Qf3 Nd7 25. Rh4 Ne5 26. Qh1 Neg4 27. Ne4 Be7 28.
Rh5 Rd8 29. Qf3 Rd3 30. Bc3 Qd7 31. Rb1 Rxc3 32. Nxc3 Qd3 33. Qe4 Qxc3 34. Qxe7
Qd3 35. Rb2 Qc3 36. Rb1 Qd3 37. Rb2 Qc3 38. Rb1 1/2-1/2

[Event "21st Abu Dhabi Masters 2014"]
[Site "Abu Dhabi UAE"]
[Date "2014.08.24"]
[Round "5.10"]
[White "Amin, Bassem"]
[Black "Karthikeyan, Murali"]
[Result "0-1"]
[WhiteTitle "GM"]
[BlackTitle "IM"]
[WhiteElo "2627"]
[BlackElo "2462"]
[WhiteFideId "10601457"]
[BlackFideId "5074452"]
[EventDate "2014.08.20"]

1. e4 c5 2. Nf3 e6 3. d3 Nc6 4. g3 d6 5. Bg2 Nf6 6. O-O Be7 7. c3 O-O 8. Re1 e5
9. h3 h6 10. a3 Re8 11. b4 a6 12. Bb2 Bf8 13. Nbd2 b5 14. bxc5 dxc5 15. d4 c4
16. Nxe5 Nxe5 17. dxe5 Nd7 18. f4 Nc5 19. Re2 Na4 20. Qc2 Qd3 21. Nf3 Bb7 22.
Nd4 Qxg3 23. Rf1 Rad8 24. Rf3 Qg6 25. Bc1 Bc5 26. Kh2 Nxc3 27. Rg3 Nxe2 28. Rxg6
Nxd4 29. Rxg7+ Kxg7 30. Qd1 Nb3 31. Qg4+ Kf8 32. Bb2 Rd2 33. Bc3 Rc2 34. e6 Rxe6
35. Qg7+ Ke7 36. f5 Bxe4 37. f6+ Ke8 0-1

[Event "21st Abu Dhabi Masters 2014"]
[Site "Abu Dhabi UAE"]
[Date "2014.08.24"]
[Round "5.11"]
[White "Pashikian, Arman"]
[Black "Raetsky, Alexander"]
[Result "1-0"]
[WhiteTitle "GM"]
[BlackTitle "GM"]
[WhiteElo "2631"]
[BlackElo "2426"]
[WhiteFideId "13301578"]
[BlackFideId "4103203"]
[EventDate "2014.08.20"]

1. d4 d5 2. c4 dxc4 3. e3 e5 4. Bxc4 exd4 5. exd4 Nf6 6. Nf3 Bd6 7. Qe2+ Be7 8.
O-O O-O 9. Nc3 Bg4 10. h3 Bxf3 11. Qxf3 Nc6 12. Rd1 Nxd4 13. Qxb7 c5 14. Bf4 Bd6
15. Bxd6 Qxd6 16. Nb5 Qf4 17. Nxd4 cxd4 18. Rd3 Rac8 19. Bxf7+ Kh8 20. Bb3 Rc7
21. Qf3 Rc1+ 22. Rxc1 Qxc1+ 23. Qd1 Qxb2 24. Rxd4 h6 25. Rd8 Rxd8 26. Qxd8+ Kh7
27. Qc7 Qa1+ 28. Kh2 Qd4 29. Bc2+ Kg8 30. Bg6 Kh8 31. Qb8+ Ng8 32. Qf8 1-0

[Event "21st Abu Dhabi Masters 2014"]
[Site "Abu Dhabi UAE"]
[Date "2014.08.24"]
[Round "5.12"]
[White "Sumets, Andrey"]
[Black "Sunilduth Lyna, Narayanan"]
[Result "1/2-1/2"]
[WhiteTitle "GM"]
[WhiteElo "2622"]
[BlackElo "2414"]
[WhiteFideId "14105500"]
[BlackFideId "5058422"]
[EventDate "2014.08.20"]

1. d4 Nf6 2. c4 e6 3. Nf3 d5 4. Nc3 Be7 5. Bf4 O-O 6. e3 Nbd7 7. Be2 dxc4 8. O-O
Nb6 9. Ne5 Nfd5 10. Bg3 c5 11. Nxc4 Nxc4 12. Bxc4 cxd4 13. exd4 Nxc3 14. bxc3
Bd7 15. Bb3 Bc6 16. Qd3 b5 17. a4 a6 18. axb5 axb5 19. Be5 Rxa1 20. Rxa1 Bd6 21.
Qg3 Bxe5 22. Qxe5 Qc8 23. Ra7 Bd5 24. Bxd5 Qxc3 25. g3 exd5 26. Qxd5 Qe1+ 27.
Kg2 Qe6 28. Qxe6 fxe6 29. Rb7 Rd8 30. Rxb5 Rxd4 31. Rb7 h5 32. Re7 Re4 33. Kf3
Re5 34. h4 Kh7 35. Kf4 1/2-1/2

[Event "21st Abu Dhabi Masters 2014"]
[Site "Abu Dhabi UAE"]
[Date "2014.08.24"]
[Round "5.13"]
[White "Shyam, Sundar M."]
[Black "Ganguly, Surya Shekhar"]
[Result "0-1"]
[WhiteTitle "GM"]
[BlackTitle "GM"]
[WhiteElo "2468"]
[BlackElo "2614"]
[WhiteFideId "5019141"]
[BlackFideId "5002150"]
[EventDate "2014.08.20"]

1. Nf3 d5 2. g3 e6 3. Bg2 Nf6 4. O-O Be7 5. d3 O-O 6. Nbd2 c5 7. e4 Nc6 8. Re1
b5 9. e5 Nd7 10. Nf1 b4 11. h4 a5 12. Bf4 a4 13. N1h2 Ba6 14. Bh3 Nd4 15. Nxd4
cxd4 16. b3 0-1